000 00582nam a2200181 i 4500
001 29272
003 ES-MaACL
005 20230906154013.0
007 t|
008 030121s1966 sp ||||1| spa d
100 1 _aBargmann, W.
_925642
245 1 0 _aHistología y Anatomía Microscópica Humanas /
_cpor W. Bargmann ; traducción Julio G. Sánchez Lucas.
260 _aBarcelona, etc. :
_bLabor,
_c1966.
300 _aXX, 912 p. :
_bil. ;
_c25 cm.
700 1 _aSánchez-Lucas, Julio G.
_9102737
852 _aES-MaACL
_jC-32960
_bR.63764
852 _aES-MaACL
_jC-33118
_bR.64039
999 _c29272
_d29272